Úradné noviny
| Corporate Authors: | , , |
|---|---|
| Other Authors: | |
| Format: | Newspaper |
| Language: | Slovak Czech |
| PhysicalDescription: | 27 zv. 28-34 cm |
| Published: |
Žilina
Vavro Šrobár
1919-1945
Bratislava Ivan Dérer Bratislava Martin Mičura Bratislava Jozef Kállay Bratislava Prezídium ministerskej rady Bratislava Predsedníctvo vlády Bratislava Bratislava Bratislava |
| ISSN: | 2453-8027 |
| Subjects: |
MARC
| LEADER | 00000cas a2200000 a 4500 | ||
|---|---|---|---|
| 001 | vtls001408330 | ||
| 003 | SK-MaSNL | ||
| 005 | 20260311075437.0 | ||
| 008 | 010226d19191945xo wr|n 0 0b0slo | ||
| 022 | |a 2453-8027 | ||
| 035 | |a SNK000362998 | ||
| 040 | |a SNK |b slo |c SNK |e AACR2 | ||
| 041 | 0 | |a slo |a cze | |
| 044 | |a xo |c SK | ||
| 072 | 7 | |a 34 |x Právo |2 konspekt | |
| 072 | 7 | |a 342.53 |x Zákonodarstvo |2 konspekt | |
| 080 | |a 34 |2 2011 | ||
| 080 | |a (437) |2 2011 | ||
| 080 | |a 050 |2 2001 | ||
| 080 | |a (094.5) |2 2011 | ||
| 080 | |a 342.537.3/.5 |2 2011 | ||
| 210 | 0 | |a Úr. nov. | |
| 222 | 0 | |a Úradné noviny | |
| 245 | 0 | 0 | |a Úradné noviny |
| 246 | 1 | 3 | |a Sbierka zákonov a nariadení štátu Československého |f (od r. 1922) |
| 260 | |a Žilina |b Vavro Šrobár |c 1919-1945 | ||
| 260 | 2 | |3 6/1919-15/1920 |a Bratislava |b Vavro Šrobár | |
| 260 | 2 | |3 16-17/1920-32/1920 |a Bratislava |b Ivan Dérer | |
| 260 | 2 | |3 33/1920-1922 |a Bratislava |b Martin Mičura | |
| 260 | 2 | |3 1/1923-2/1927 |a Bratislava |b Jozef Kállay | |
| 260 | 2 | |3 3/1927-44/1927 |a Bratislava |b Prezídium ministerskej rady | |
| 260 | 2 | |3 45/1927-46/1927 |a Bratislava |b Jozef Kállay | |
| 260 | 2 | |3 47/1927-37/1939 |a Bratislava |b Prezídium ministerskej rady | |
| 260 | 3 | |3 38/1939-1945 |a Bratislava |b Predsedníctvo vlády | |
| 300 | |a 27 zv. |c 28-34 cm | ||
| 310 | |a 1x týždenne | ||
| 362 | 0 | |a Roč. I, č. 1 (1. január 1919)-roč. XXVII, č. 12 (1945) | |
| 500 | |a V r. 1925- jednotlivé čísla sú rozdelené na časť I. - všeobecná časť a na časť II. - Sbierka zákonov a nariadení štátu Československého ; v r. 1926 Úradné noviny časť I. č. 1-52 a časť II. na str. 1-454 ; r. 1927-r. 1928 Úradné noviny časť I. ; r. 1929 Úradné noviny časť I. č. 1-52 a časť II. - nemá číslovanie ; r. 1930-1938 Úradné noviny časť I. ; od r. 1940- už len ako: Úradné noviny | ||
| 500 | |a Zodp. red.: 1/1919-15/1924, Dušan Porubský ; 19/1924-15/1939, Fr. Kaláč | ||
| 500 | |a Tlač.: 1/1919-5/1919: Úradné noviny, Žilina ; 6/1919-13/1920: Lit. a kníhtlačiarska účast. spol. Pázmány v Bratislave ; 14-15/1920-1938: Slovenská kníhtlačiareň, Bratislava ; 1/1939-1945 Kníhtlačiareň Andreja, Bratislava | ||
| 500 | |a V niektorých rokoch uvádzajú obsah: Ukazovateľ zákonov vládnych a ministerských nariadení ... v Úradných novinách roku ... | ||
| 500 | |a V r. 1919 a od r. 1930 rozmer zv. 28 cm ; od č. 20-21 (1920)-r. 1929 rozmer zv. 34 cm | ||
| 515 | |a Niektoré čísla vychádzajú ako dvojčíslo, viacčíslo | ||
| 515 | |a Niektoré čísla majú priebežné stránkovanie | ||
| 525 | |a R. 1922-1924 mal samostatne stránkovanú prílohu: Príloha Úradných novín | ||
| 525 | |a Súčasťou novín sú rôzne prílohy | ||
| 546 | |a Čiast. text aj v češ. | ||
| 650 | 0 | 7 | |a zákony |2 SNKPH |9 1156 |
| 650 | 0 | 7 | |a zákonodarstvo |2 SNKPH |9 1153 |
| 651 | 7 | |a Československo |2 SNKPHgeo |9 21376 | |
| 655 | 7 | |a právne predpisy |2 SNKPH |9 70481 | |
| 700 | 1 | |a Porubský, Dušan |4 lso |9 266615 | |
| 700 | 1 | |a Kaláč, František |4 Ilo |9 266616 | |
| 700 | 1 | |a Šrobár, Vavro, |d 1867-1950 |4 pbl |9 86514 | |
| 700 | 1 | |a Dérer, Ivan, |d 1884-1973 |4 pbl |9 110560 | |
| 700 | 1 | |a Mičura, Martin, |d 1883-1946 |4 pbl |9 189657 | |
| 710 | 0 | |a Kállay, Jozef, |d 1881-1939 |4 pbl |9 266617 | |
| 710 | 2 | |a Úradné noviny (Žilina, Slovensko) |4 prt |9 266618 | |
| 710 | 2 | |a Pázmányho literárna a tlačiarenská úč. spoločnosť |4 prt |9 212479 | |
| 710 | 2 | |a Slovenská kníhtlačiareň (Bratislava, Slovensko) |4 prt |9 266619 | |
| 850 | |a Slovenská národná knižnica | ||
| 852 | |a Slovenská národná knižnica | ||
| 916 | |a 1919-1925, 1928, 1930, 1939-1941, 1945, 1931-1934 | ||
| 999 | |c 2464 |d 4394 | ||
| 952 | |t č. 1-30 |a SNK |b SNK |y PREZ |7 0 |p 17A0498918 |o snkČSB 291/23/1941/1 |i snk 80/43 |f 1 |0 0 |1 0 |4 0 |d 1997-02-27 |l 0 |r 2005-01-02 00:00:00 |w 2026-02-21 | ||
| 952 | |t č. 31-69 |a SNK |b SNK |y PREZ |7 0 |p 17A0498916 |o snkČSB 291/23/1941/2 |i snk 81/43 |f 1 |0 0 |1 0 |4 0 |d 1997-02-27 |l 0 |r 2005-01-02 00:00:00 |w 2026-02-21 | ||
| 952 | |a SNK |b SNK |y NEVYP |7 1 |p 17A0057444 |o snkČSB 291/24/1942 |0 0 |1 0 |4 0 |d 1997-03-27 |l 0 |r 2005-01-02 00:00:00 |w 2026-02-21 | ||
| 952 | |t č. 1-60 |a SNK |b SNK |y PREZ |7 0 |p 17A0498310 |o snkČSB 291/22/1940 D1 |i snkČSK 298/56 |8 3 |0 0 |1 0 |4 0 |d 2006-02-28 |l 0 |r 2026-02-21 19:47:01 |w 2026-02-21 | ||
| 952 | |t č. 1-36 |a SNK |b SNK |y PREZ |7 0 |p 17A0498316 |o snkČSB 291/23/1941/ D2 |i snkČSF 1266/58 |8 5 |0 0 |1 0 |4 0 |d 2006-02-28 |l 0 |r 2026-02-21 19:47:01 |w 2026-02-21 | ||
| 952 | |t č. 37-69 |a SNK |b SNK |y PREZ |7 0 |p 17A0498500 |o snkČSB 291/23/1941/2 D2 |i snkČSF 1267/58 |8 5 |0 0 |1 0 |4 0 |d 2006-02-28 |l 0 |r 2026-02-21 19:47:01 |w 2026-02-21 | ||
| 952 | |a SNK |b SNK |y NEVYP |7 1 |p 17A0712945 |o snkČSB 291/17/1935 |i snk 951/41 |0 0 |1 0 |4 0 |d 2023-12-01 |l 0 |r 2026-02-21 19:50:03 |w 2026-02-21 | ||
| 952 | |a SNK |b SNK |y NEVYP |7 1 |p 17A0712914 |o snkČSB 291/18/1936 |i snk 952/41 |0 0 |1 0 |4 0 |d 2023-12-01 |l 0 |r 2026-02-21 19:50:03 |w 2026-02-21 | ||
| 952 | |t č. 1-42 |a SNK |b SNK |y PREZ |7 0 |p 17A1317305 |o snkČSB 291/2/1920/1 D1 |i snkF 1207/68 |8 5 |0 0 |1 0 |4 0 |d 2024-01-29 |l 0 |r 2026-02-21 19:51:23 |w 2026-02-21 | ||
| 952 | |t č. 1-24 |a SNK |b SNK |y PREZ |7 0 |p 17A0662532 |o snkČSB 291/12/1930/1 |i snk 1958/33 |f 1 |0 0 |1 0 |4 0 |d 2010-08-09 |l 0 |r 2026-02-21 19:54:05 |w 2026-02-21 | ||
| 952 | |t č. 1-32 |a SNK |b SNK |y PREZ |7 0 |p 17A0677799 |o snkČSB 291/26/1944 D1 |i snkXI. 2268/55 |8 5 |0 0 |1 0 |4 0 |d 2010-12-11 |l 0 |r 2026-02-21 19:56:10 |w 2026-02-21 | ||
| 952 | |t č. 1-26 |a SNK |b SNK |y PREZ |7 0 |p 17A0692296 |o snkČSB 291/13/1931/1 D1 |i snkF 2339/93 |8 5 |0 0 |1 0 |4 0 |d 2011-04-14 |l 0 |r 2026-02-21 19:56:56 |w 2026-02-21 | ||
| 952 | |a SNK |b SNK |y PREZ |7 0 |p 17A0692969 |o snkČSB 291/6/1/1924 D1 |i snkD 2710/71 |8 1 |0 0 |1 0 |4 0 |d 2011-04-06 |l 0 |r 2026-02-21 19:56:57 |w 2026-02-21 | ||
| 952 | |t č. 1-21 |a SNK |b SNK |y PREZ |7 0 |p 17A0692971 |o snkČSB 291/1/1919/1 |i snkČSK 388/57 |8 3 |f 1 |0 0 |1 0 |4 0 |d 2011-04-06 |l 0 |r 2026-02-21 19:56:57 |w 2026-02-21 | ||
| 952 | |t č. 27-52 |a SNK |b SNK |y PREZ |7 0 |p 17A1349326 |o snkČSB 291/19/1937/2 D1 |0 0 |1 0 |4 0 |d 2023-12-01 |l 0 |r 2026-02-21 19:58:48 |w 2026-02-21 | ||
| 952 | |t č. 1-26 |a SNK |b SNK |y PREZ |7 0 |p 17A1349327 |o snkČSB 291/19/1937/1 D1 |i snkXI. 1972/55 |0 0 |1 0 |4 0 |d 2023-12-01 |l 0 |r 2026-02-21 19:58:48 |w 2026-02-21 | ||
| 952 | |t č. 1-26 |a SNK |b SNK |y PREZ |7 0 |p 17A1464524 |o snkČSB 291/16/1934/1 |i snk 950/41 |f 1 |0 0 |1 0 |4 0 |d 2022-11-10 |l 0 |r 2026-02-21 20:02:11 |w 2026-02-21 | ||
| 952 | |t č. 27-53, neúplné |a SNK |b SNK |y PREZ |7 0 |p 17A1464525 |o snkČSB 291/16/1934/2 |i snk 950/41 |z V č. 40 chýbajú strany 9-12 a 17-20 |f 1 |0 0 |1 0 |4 0 |d 2022-11-10 |l 0 |r 2026-02-21 20:02:11 |w 2026-02-21 | ||
| 952 | |t č. 1-17 |a SNK |b SNK |y PREZ |7 0 |p 17A1464516 |o snkČSB 291/13/1931/1 |i snk 947/41 |f 1 |0 0 |1 0 |4 0 |d 2022-11-08 |l 0 |r 2026-02-21 20:02:42 |w 2026-02-21 | ||
| 952 | |t č. 18-35 |a SNK |b SNK |y PREZ |7 0 |p 17A1464517 |o snkČSB 291/13/1931/2 |i snk 947/41 |f 1 |0 0 |1 0 |4 0 |d 2022-11-08 |l 0 |r 2026-02-21 20:02:42 |w 2026-02-21 | ||
| 952 | |t č. 36-52 |a SNK |b SNK |y PREZ |7 0 |p 17A1464518 |o snkČSB 291/13/1931/3 |i snk 947/41 |f 1 |0 0 |1 0 |4 0 |d 2022-11-08 |l 0 |r 2026-02-21 20:02:42 |w 2026-02-21 | ||
| 952 | |t č. 1-17 + reg. |a SNK |b SNK |y PREZ |7 0 |p 17A1464519 |o snkČSB 291/14/1932/1 |i snk 948/41 |z Obsahuje Ukazovateľ vládnych a ministerských nariadení vyhlášok oznamov a obežníkov uverejnených v Úradných novinách roku 1932 |f 1 |0 0 |1 0 |4 0 |d 2022-11-09 |l 0 |r 2026-02-21 20:09:32 |w 2026-02-21 | ||
| 952 | |t č. 18-35 |a SNK |b SNK |y PREZ |7 0 |p 17A1464520 |o snkČSB 291/14/1932/2 |i snk 948/41 |f 1 |0 0 |1 0 |4 0 |d 2022-11-09 |l 0 |r 2026-02-21 20:09:32 |w 2026-02-21 | ||
| 952 | |t č. 36-52 |a SNK |b SNK |y PREZ |7 0 |p 17A1464521 |o snkČSB 291/14/1932/3 |i snk 948/41 |f 1 |0 0 |1 0 |4 0 |d 2022-11-09 |l 0 |r 2026-02-21 20:09:32 |w 2026-02-21 | ||
| 952 | |t č. 1-26 |a SNK |b SNK |y PREZ |7 0 |p 17A1464522 |o snkČSB 291/15/1933/1 |i snk 949/41 |f 1 |0 0 |1 0 |4 0 |d 2022-11-09 |l 0 |r 2026-02-21 20:09:32 |w 2026-02-21 | ||
| 952 | |t č. 27-52 |a SNK |b SNK |y PREZ |7 0 |p 17A1464523 |o snkČSB 291/15/1933/2 |i snk 949/41 |f 1 |0 0 |1 0 |4 0 |d 2022-11-09 |l 0 |r 2026-02-21 20:09:32 |w 2026-02-21 | ||
| 952 | |t č. 1-12, neúplné |a SNK |b SNK |y PREZ |7 0 |p 17A0204014 |o snkČSB 291/27/1945 |i snk 2981/44 |z Chýba č. 12 |f 1 |0 0 |1 0 |4 0 |d 1999-08-02 |l 0 |r 2005-01-02 00:00:00 |w 2026-02-21 | ||
| 952 | |t č. 20-42 |a SNK |b SNK |y PREZ |7 0 |p 17A0542353 |o snkČSB 291/2/1920/2 |i snkF 3376/62 |8 5 |z Namiesto č. 38 uvedené č. 36 |f 1 |0 0 |1 0 |4 0 |d 2007-06-06 |l 0 |r 2026-02-21 20:20:47 |w 2026-02-21 | ||
| 952 | |t č. 1-52, neúplné |a SNK |b SNK |y NEVYP |7 1 |p 17A0542352 |o snkČSB 291/9/1927 |i snkD 1567/62 |8 1 |z Chýba č. 30 ; Za č. 37 nasleduje č. 37a |0 0 |1 0 |4 0 |d 2007-06-06 |l 0 |r 2026-02-21 20:20:47 |w 2026-02-21 | ||
| 952 | |a SNK |b SNK |y NEVYP |7 1 |p 17A0542351 |o snkČSB 291/9/1927/2 |i snkD 1566/62 |8 1 |0 0 |1 0 |4 0 |d 2007-06-06 |l 0 |r 2026-02-21 20:20:47 |w 2026-02-21 | ||
| 952 | |t č. 1-52, neúplné + príl. |a SNK |b SNK |y PREZ |7 0 |p 17A0542333 |o snkČSB 291/10/1928 |i snkF 3920/72 |8 5 |z Chýba č. 19, 51 ; Za č. 41 - č. 41a ; Nad názvom uvedené: časť I. ; Prílohy: Príloha Úradných novín - v č. 50 ; Doložené - Úradné noviny, časť II. str. 257-282 - nie je číslované |f 1 |0 0 |1 0 |4 0 |d 2007-06-06 |l 0 |r 2026-02-21 20:20:49 |w 2026-02-21 | ||
| 952 | |t č. 1-53, neúplné + príl. |a SNK |b SNK |y PREZ |7 0 |p 17A0709434 |o snkČSB 291/4/1922 D1 |i snkF 4247/ |8 5 |z Chýba č. 32-53 ; Prílohy: Príloha Úradných novín č. 32-53 |0 0 |1 0 |4 0 |d 2011-09-06 |l 0 |r 2026-02-21 20:22:28 |w 2026-02-21 | ||
| 952 | |t č. 34 |a SNK |b SNK |y PREZ |7 0 |p 17A0709433 |o snkČSB 291/2/1920 D2 |i snkF 3418/70 |8 5 |0 0 |1 0 |4 0 |d 2011-09-06 |l 0 |r 2026-02-21 20:22:28 |w 2026-02-21 | ||
| 952 | |t č. 1-52 |a SNK |b SNK |y PREZ |7 0 |p 17A0709432 |o snkČSB 291/8/1926 D1 |i snkF 4244/ |8 5 |0 0 |1 0 |4 0 |d 2011-09-06 |l 0 |r 2026-02-21 20:22:28 |w 2026-02-21 | ||
| 952 | |t č. 1-67, neúplné |a SNK |b SNK |y PREZ |7 0 |p 17A0095356 |o snkČSB 291/21/1939/1 D1 |i snkČSK 297/56 |8 3 |z Chýba č. 55 |0 0 |1 0 |4 0 |d 1997-09-17 |l 0 |r 2005-01-02 00:00:00 |w 2026-02-21 | ||
| 952 | |t č. 1-54 |a SNK |b SNK |y PREZ |7 0 |p 17A0095327 |o snkČSB 291/21/1939/2 |i snk 607/42 |z Je uvedené č. 26a, 26b ; |f 1 |0 0 |1 0 |4 0 |d 1997-09-17 |l 0 |r 2005-01-02 00:00:00 |w 2026-02-21 | ||
| 952 | |a SNK |b SNK |y NEVYP |7 1 |p 17A0093062 |o snkČSB 291/20/1938 |0 0 |1 0 |4 0 |d 1997-09-17 |l 0 |r 2005-01-02 00:00:00 |w 2026-02-21 | ||
| 952 | |a SNK |b SNK |y NEVYP |7 1 |p 17A0553472 |o snkČSB 291/26/1944/2 |0 0 |1 0 |4 0 |d 2007-07-19 |l 0 |r 2026-02-21 20:27:59 |w 2026-02-21 | ||
| 952 | |t č. 1-52 |a SNK |b SNK |y NEVYP |7 1 |p 17A0542507 |o snkČSB 291/11/1929 |i snk 946/41 |z Za č. 24 nasleduje č. 24a ; Súčasťou je príloha: Štátny rozpočet republiky Československej pre rok 1929 |0 0 |1 0 |4 0 |d 2007-06-06 |l 0 |r 2026-02-21 20:29:02 |w 2026-02-21 | ||
| 952 | |a SNK |b SNK |y PREZ |7 0 |p 17A0888990 |o snkČSB 291/24/1942 D1 |i snkČSK 300/56 |8 3 |0 0 |1 0 |4 0 |d 2012-07-10 |l 0 |r 2026-02-21 20:30:14 |w 2026-02-21 | ||
| 952 | |a SNK |b SNK |y PREZ |7 0 |p 17A0888992 |o snkČSB 291/25/1943 D1 |i snkČSK 301/56 |8 3 |0 0 |1 0 |4 0 |d 2012-07-10 |l 0 |r 2026-02-21 20:30:14 |w 2026-02-21 | ||
| 952 | |a SNK |b SNK |y PREZ |7 0 |p 17A0888993 |o snkČSB 291/26/1944 D2 |i snkD 2605/71 |8 1 |0 0 |1 0 |4 0 |d 2012-07-10 |l 0 |r 2026-02-21 20:30:14 |w 2026-02-21 | ||
| 952 | |t č. 1-12 |a SNK |b SNK |y PREZ |7 0 |p 17A0888991 |o snkČSB 291/27/1945 D1 |i snkD 888/65 |8 1 |0 0 |1 0 |4 0 |d 2012-07-10 |l 0 |r 2026-02-21 20:30:14 |w 2026-02-21 | ||
| 952 | |t č. 22-40 |a SNK |b SNK |y PREZ |7 0 |p 17A1023246 |o snkČSB 291/1/1919/2 |f 1 |0 0 |1 0 |4 0 |d 2014-01-27 |l 0 |r 2026-02-21 20:31:33 |w 2026-02-21 | ||
| 952 | |t č. 26-51 + príl. |a SNK |b SNK |y PREZ |7 0 |p 17A1075395 |o snkČSB 291/5/1923/2 |i snkD 2709/71 |8 1 |z Prílohy: Príloha Úradných novín (č. 26-51) - samostatne stránkované prílohy ; Za č. 33 a č. 34 nasledujú č. 33a a č. 34a |f 1 |0 0 |1 0 |4 0 |d 2014-03-28 |l 0 |r 2026-02-21 20:51:13 |w 2026-02-21 | ||
| 952 | |t č. 1-52 |a SNK |b SNK |y PREZ |7 0 |p 17A0268100 |o snkČSB 291/3/1921 |i snkF 3377/62 |8 5 |f 1 |0 0 |1 0 |4 0 |d 2001-02-26 |l 0 |r 2005-01-02 00:00:00 |w 2026-02-21 | ||
| 952 | |t č. 1-53, neúplné + príl. |a SNK |b SNK |y NEVYP |7 1 |p 17A0337918 |o snkČSB 291/4/1922 |i snkD 1560/62 |8 1 |z Chýba č. 32-36, 38-40, 42-53 ; Prílohy: Príloha Úradných novín č. 32-53 |f 1 |0 0 |1 0 |4 0 |d 2002-03-26 |l 0 |r 2005-01-02 00:00:00 |w 2026-02-21 | ||
| 952 | |t č. 1-40, neúplné |a SNK |b SNK |y PREZ |7 0 |p 17A0341563 |o snkČSB 291/1/1919 D1 |i snkČSK 286/56 |8 3 |z Chýba č. 40 |0 0 |1 0 |4 0 |d 2002-05-03 |l 0 |r 2005-01-02 00:00:00 |w 2026-02-21 | ||
| 952 | |t č. 42-72 |a SNK |b SNK |y PREZ |7 0 |p 17A0888404 |o snkČSB 291/20/1938 D1 |i snkF 4635/78 |8 5 |0 0 |1 0 |4 0 |d 2013-01-08 |l 0 |r 2026-02-21 21:23:38 |w 2026-02-21 | ||
| 952 | |t č. 1-61 |a SNK |b SNK |y PREZ |7 0 |p 17A0498612 |o snkČSB 291/22/1940 |i snk 955/41 |z 2x uvedené č. 35 |f 1 |0 0 |1 0 |4 0 |d 1997-02-27 |l 0 |r 2005-01-02 00:00:00 |w 2026-02-21 | ||
| 952 | |t č. 1-23 + príl. |a SNK |b SNK |y PREZ |7 0 |p 17A0199433 |o snkČSB 291/6/1924/1 |i snkD 1561/62 |8 1 |z Prílohy: Príloha Úradných novín (č. 1-23) ; V č. 1 uvedený rok 1923 - správne rok 1924 ; Za č. 8 - mimoriadne vydanie - nie je očíslované |f 1 |0 0 |1 0 |4 0 |d 1999-07-09 |l 0 |r 2005-01-02 00:00:00 |w 2026-02-21 | ||
| 952 | |t č. 1-25, neúplné + 1 mim. č. |a SNK |b SNK |y PREZ |7 0 |p 17A0199983 |o snkČSB 291/5/1923/1 |i snkF 5730/78 |8 5 |z Chýba č. 4, 23 ; Prílohy: Mimoriadne číslo Úradných novín (za č. 12) - nie je očíslované |f 1 |0 0 |1 0 |4 0 |d 1999-06-30 |l 0 |r 2005-01-02 00:00:00 |w 2026-02-21 | ||
| 952 | |t č. 1-26 |a SNK |b SNK |y PREZ |7 0 |p 17A0199752 |o snkČSB 291/7/1925/1 |i snkD 1563/62 |8 1 |z Jednotlivé čísla sú rozdelené na dve časti napr.: č. 1 (časť I.), č. 1 (časť II.) ... atď. ; Č. 4 (časť II.) nasleduje až za č. 5 (časť I.) ; |f 1 |0 0 |1 0 |4 0 |d 1999-07-02 |l 0 |r 2005-01-02 00:00:00 |w 2026-02-21 | ||
| 952 | |t č. 27-52 + 2 mim. č. |a SNK |b SNK |y PREZ |7 0 |p 17A0199751 |o snkČSB 291/7/1925/2 |i snkD 1564/62 |8 1 |z Jednotlivé čísla sú rozdelené na časť I. a časť II. ; Č. 41a, č. 44a vyšli ako mimoriadne číslo |f 1 |0 0 |1 0 |4 0 |d 1999-07-02 |l 0 |r 2005-01-02 00:00:00 |w 2026-02-21 | ||
| 952 | |t č. 1-19 |a SNK |b SNK |y PREZ |7 0 |p 17A0381535 |o snkČSB 291/2/1920/1 |i snkF 3375/62 |8 5 |f 1 |0 0 |1 0 |4 0 |d 2003-04-28 |l 0 |r 2005-01-02 00:00:00 |w 2026-02-21 | ||
| 952 | |t č. 1-52 |a SNK |b SNK |y NEVYP |7 1 |p 17A0199769 |o snkČSB 291/8/1926 |i snkD 1565/62 |8 1 |z Súčasťou dokumentu je aj časť II. - Sbierka zákonov ... (za č. 52) str. 1-454 |0 0 |1 0 |4 0 |d 1999-07-02 |l 0 |r 2005-01-02 00:00:00 |w 2026-02-21 | ||
| 952 | |a SNK |b SNK |y NEVYP |7 1 |p 17A0204012 |o snkČSB 291/26/1/1944 |0 0 |1 0 |4 0 |d 1999-08-02 |l 0 |r 2005-01-02 00:00:00 |w 2026-02-21 | ||
| 952 | |a SNK |b SNK |y NEVYP |7 1 |p 17A0204011 |o snkČSB 291/25/1943 |0 0 |1 0 |4 0 |d 1999-08-02 |l 0 |r 2005-01-02 00:00:00 |w 2026-02-21 | ||
| 952 | |t č. 1-52 |a SNK |b SNK |y PREZ |7 0 |p 17A1191164 |o snkČSB 291/3/1921 D1 |i snkD 2708/71 |8 1 |z č. 1-52; |0 0 |1 0 |4 0 |d 2021-12-07 |l 0 |r 2026-02-21 21:40:01 |w 2026-02-21 | ||
| 952 | |t č. 24-52 + príl. |a SNK |b SNK |y PREZ |7 0 |p 17A0199762 |o snkČSB 291/6/1924/2 |i snkD 1562/62 |8 1 |z Prílohy: Príloha Úradných novín (č. 24-52) - samostatne stránkovaná príloha |f 1 |0 0 |1 0 |4 0 |d 1999-07-02 |l 0 |r 2005-01-02 00:00:00 |w 2026-02-21 | ||
| 952 | |t č. 1-67 |a SNK |b SNK |y PREZ |7 0 |p 17A1100886 |o snkČSB 291/21/1939/1 |i snk 610/42 |f 1 |0 0 |1 0 |4 0 |d 2016-08-23 |l 0 |r 2026-02-21 22:03:08 |w 2026-02-21 | ||
| 952 | |t č. 26-51 + príl. |a SNK |b SNK |y PREZ |7 0 |p 17A1432013 |o snkČSB 291/5/1923/2 D1 |i snkF 6250/65 |8 5 |z Prílohy: Príloha Úradných noví č. 26-51 ; Za č. 33, 34 je uvedené č. 33a, 34a |0 0 |1 0 |4 0 |d 2020-09-17 |l 0 |r 2026-02-21 22:15:53 |w 2026-02-21 | ||
| 952 | |t č. 25-52 |a SNK |b SNK |y PREZ |7 0 |p 17A0712840 |o snkČSB 291/12/1930/2 |i snk 1959/33 |f 1 |0 0 |1 0 |4 0 |d 2020-09-18 |l 0 |r 2026-02-21 22:16:05 |w 2026-02-21 | ||


